• 首页
  • 本馆介绍
  • 公告通知
  • 最新文献
  • 馆藏检索
  • 电子资源
  • 读者导购
  • 参考咨询
  • 我的图书馆
  • 登录
  • 详细信息显示
  • 放入我的书架
  • 预约/预借图书
  • 作者相关作品
  • 分类相关作品
  • 丛书相关作品
  • 出版社相关作品

书目信息

  • 表格格式
  • 工作单格式
  • 卡片格式
题名:
流域生态需水规律
    
 
作者: 杨志峰 著
分册:  
出版信息: 北京   科学出版社  2006
页数: 288页
开本: 26cm
丛书名:
单 册:
中图分类: X143
科图分类:
主题词: 流域--生态环境--需水量--研究 , 流域 , 生态环境 , 需水量
电子资源:
ISBN: 7-03-016334-6
000 01161nam0 2200313 450
001 003156351
005 20070805145944.51
010    @a7-03-016334-6@b精装@dCNY78.00
035    @a003156351
100    @a20060523d2006 em y0chiy0110 ea
101 0  @achi
102    @aCN@b110000
105    @aa z 000yy
106    @ar
200 1  @a流域生态需水规律@Aliu yu sheng tai xu shui gui lv@dEnvironmental flows in basins@f杨志峰[等]著@Fyang zhi feng [ deng ] zhu@zeng
210    @a北京@c科学出版社@d2006
215    @a288页@c图@d26cm
300    @a国家科学技术学术著作出版基金资助出版 国家自然科学基金重点项目 国家基础研究发展规划(973)项目资助
304    @a著者还有:刘静玲、孙涛、崔保山等
330    @a本书概述了流域生态系统结构与功能特征,研究了流域生态环境需水的特殊性,辨析了生态环境需水、生态耗水和生态用水等相关概念和内涵,提出了流域生态环境需水规律研究发分析方法。
510 1  @aEnvironmental flows in basins@zeng
606 0  @a流域@x生态环境@x需水量@x研究
606 0  @a流域
606 0  @a生态环境
606 0  @a需水量
690    @aX143@v4
701  0 @a杨志峰@Ayang zhi feng@c(教授)@4著
801  0 @aCN@bNLC@c20070805
905    @dX143@e152@f4
    
    流域生态需水规律=Environmental flows in basins/杨志峰[等]著.-北京:科学出版社,2006
    288页:图;26cm
    国家科学技术学术著作出版基金资助出版 国家自然科学基金重点项目 国家基础研究发展规划(973)项目资助
    
    ISBN 7-03-016334-6(精装):CNY78.00
    本书概述了流域生态系统结构与功能特征,研究了流域生态环境需水的特殊性,辨析了生态环境需水、生态耗水和生态用水等相关概念和内涵,提出了流域生态环境需水规律研究发分析方法。
●
相关链接 在E读中查询图书 在五车中查询图书 在当当中查询图书 在豆瓣中查询图书


正题名:流域生态需水规律     索取号:X143/152         预约/预借

序号 登录号 条形码 馆藏地/架位号 状态 备注
1 0852006   208520064   第二样本阅览室/ [索取号:X143/152] 在馆    
2 0852007   208520073   第三借阅区/ [索取号:X143/152] 在馆    
3 0852008   208520082   第三借阅区/ [索取号:X143/152] 在馆    
4 0852009   208520091   第三借阅区/ [索取号:X143/152] 在馆    
唐山师范学院图书馆 欢迎您!
大连网信软件有限公司© 版权所有